Dr. ambedker ke prashasanik vichar (Record no. 439091)

000 -LEADER
fixed length control field 00352cam a22001337a 4500
008 - FIXED-LENGTH DATA ELEMENTS--GENERAL INFORMATION
fixed length control field 180718b2004 xxu||||| |||| 00| 0 eng d
020 ## - INTERNATIONAL STANDARD BOOK NUMBER
International Standard Book Number 81 8143 214 2
082 ## - DEWEY DECIMAL CLASSIFICATION NUMBER
Classification number B2x54 D536
100 ## - MAIN ENTRY--PERSONAL NAME
Personal name Dhermveer
245 ## - TITLE STATEMENT
Title Dr. ambedker ke prashasanik vichar
Statement of responsibility, etc. by Dhermveer
260 ## - PUBLICATION, DISTRIBUTION, ETC.
Place of publication, distribution, etc. New Delhi
Name of publisher, distributor, etc. Vani Prakashan
Date of publication, distribution, etc. 2004
300 ## - PHYSICAL DESCRIPTION
Extent 146p.
650 ## - SUBJECT ADDED ENTRY--TOPICAL TERM
Topical term or geographic name entry element Ambedker
Holdings
Withdrawn status Lost status Damaged status Not for loan Permanent Location Current Location Date acquired Full call number Barcode Date last seen Price effective from Koha item type
        Indian Institute of Public Administration Indian Institute of Public Administration 2010-04-22 B2x54 D536 81822 2018-07-21 2018-07-21 Book

Powered by Koha